Trees of North America - Statistics

General Stats
  • This quiz has been taken 26 times
  • The average score is 6 of 11
Answer Stats
Picture Answer % Correct
Oak
100%
Pine
96%
Maple
83%
Fir
67%
Spruce
63%
Ash
46%
Aspen
42%
Willow
42%
Juniper
33%
Linden
21%
Cottonwood
17%
No matching quizzes found
Score Distribution
Percent of People with Each Score
Percentile by Number Answered
Your Score History
You have not taken this quiz